Continuación de las cartas del Papa Clemente XIV (Ganganelli) (Record no. 153146)

MARC details
000 -LEADER
campo de control de longitud fija 01047nam a2200217 i 4500
001 - NÚMERO DE CONTROL
campo de control 153146
003 - IDENTIFICADOR DE NÚMERO DE CONTROL
campo de control ES-MaACL
005 - FECHA Y HORA DE LA ÚLTIMA TRANSACCIÓN
campo de control 20250928112611.0
008 - DATOS DE LONGITUD FIJA--INFORMACIÓN GENERAL
campo de control de longitud fija 931025s1786 sp |||| |dspa d
100 0# - ENTRADA PRINCIPAL--NOMBRE DE PERSONA
Nombre de persona Clemente
Numeración XIV
Títulos y otros términos asociados al nombre Papa.
9 (RLIN) 39210
245 10 - MENCIÓN DEL TÍTULO
Título Continuación de las cartas del Papa Clemente XIV (Ganganelli)
Resto del título : con varios discursos, un panegírico y otras piezas concernientes a la vida de dicho Papa /
Mención de responsabilidad, etc. nuevamente colegidas por el Marqués Caracciolo ; y traducidas de francés en castellano por D. Francisco Mariano Nipho ; tomo V.
250 ## - MENCION DE EDICION
Mención de edición Segunda impresion.
260 ## - PUBLICACIÓN, DISTRIBUCIÓN, ETC.
Lugar de publicación, distribución, etc. En Madrid :
Nombre del editor, distribuidor, etc. por Miguel Escribano :
-- se hallará en la Librería de Correa...,
Fecha de publicación, distribución, etc. 1786.
300 ## - DESCRIPCIÓN FÍSICA
Extensión 360 p. ;
Dimensiones 8º.
597 ## - NOTA DE DESCRIPCIÓN FÍSICA
NOTA DE DESCRIPCIÓN FÍSICA Sign.: A-48, Z4.
600 04 - PUNTO DE ACCESO ADICIONAL DE MATERIA--NOMBRE DE PERSONA
Nombre de persona Clemente
Numeración XIV
Títulos y otros términos asociados al nombre Papa-
Subdivisión de forma Correspondencia.
9 (RLIN) 167388
700 1# - ENTRADA AGREGADA--NOMBRE PERSONAL
Nombre de persona Caraccioli, Louis-Antoine de
Títulos y otros términos asociados al nombre , marquis (
Fechas asociadas al nombre 1719-1803)
9 (RLIN) 126323
700 1# - ENTRADA AGREGADA--NOMBRE PERSONAL
Nombre de persona Nifo, Francisco Mariano,
Fechas asociadas al nombre 1719-1803
9 (RLIN) 130493
852 ## - LOCALIZACIÓN
Ubicación ES-MaACL
Número de control de estantería R-579-83
Nota libre - Enc. pasta
Signatura antigua - Olim: D-3908-12
Holdings
Estatus retirado Estado de pérdida Estado de daño No para préstamo Colección Biblioteca de origen Biblioteca actual Ubicación en estantería Fecha de adquisición Total de préstamos Signatura topográfica completa Código de barras Visto por última vez Precio de reemplazo Tipo de ítem Koha
        Libros del s. XVIII Biblioteca del Ateneo de Madrid Biblioteca del Ateneo de Madrid Depósito 17/01/2008   R-579-83 1160017 23/02/2023 23/02/2023 Libro impreso antiguo